Ч. 3; Мировая культура и язык: взгляд молодых исследователей

Manylion Llyfryddiaeth
Parent link:Мировая культура и язык: взгляд молодых исследователей: материалы X Всероссийской научно-практической конференции, 28-30 апреля 2010 г. г. Томск/ Томский политехнический университет (ТПУ), Электротехнический институт (ЭЛТИ); под ред. Н. А. Качалова. Ч. 3.— , 2010
Crynodeb:Настоящий сборник объединяет исследовательские проекты студентов вузов в основном Западно-Сибирского региона и учащихся альтернативных учебных заведений г. Томска. Сборник содержит материалы, представляющие широкий круг научно-учебных интересов студентов и учащихся и включает вопросы языкознания и литературоведения, лингвострановедения и межкультурной коммуникации, истории развития этносов и культур, теории и практики перевода, методики преподавания иностранных языков.Сборник адресован студентам языковых и неязыковых вузов, учащимся лицеев и гимназий гуманитарного профиля, а также всем, кто интересуется изучением языков в их взаимосвязи с историей и культурой.
Iaith:Rwseg
Saesneg
Almaeneg
Cyhoeddwyd: 2010
Pynciau:
Fformat: Llyfr
KOHA link:https://koha.lib.tpu.ru/cgi-bin/koha/opac-detail.pl?biblionumber=210085

MARC

LEADER 00000nam2a2200000 4500
001 210085
005 20231101225605.0
035 |a (RuTPU)RU\TPU\book\229451 
035 |a RU\TPU\book\208715 
090 |a 210085 
100 |a 20120220d2010 k y0rusy50 ca 
101 0 |a rus  |a eng  |a ger 
102 |a RU 
105 |a y z 101zy 
200 0 |a Ч. 3 
210 |d 2010 
215 |a 273 с. 
320 |a Библиогр. в конце докладов. 
330 |a Настоящий сборник объединяет исследовательские проекты студентов вузов в основном Западно-Сибирского региона и учащихся альтернативных учебных заведений г. Томска. Сборник содержит материалы, представляющие широкий круг научно-учебных интересов студентов и учащихся и включает вопросы языкознания и литературоведения, лингвострановедения и межкультурной коммуникации, истории развития этносов и культур, теории и практики перевода, методики преподавания иностранных языков.Сборник адресован студентам языковых и неязыковых вузов, учащимся лицеев и гимназий гуманитарного профиля, а также всем, кто интересуется изучением языков в их взаимосвязи с историей и культурой. 
461 1 |0 (RuTPU)RU\TPU\book\229764  |t Мировая культура и язык: взгляд молодых исследователей  |o материалы X Всероссийской научно-практической конференции, 28-30 апреля 2010 г. г. Томск  |o в 4 ч.  |f Томский политехнический университет (ТПУ), Электротехнический институт (ЭЛТИ); под ред. Н. А. Качалова  |v Ч. 3  |d 2010 
606 1 |a Иностранные языки  |x Изучение  |2 stltpush  |3 (RuTPU)RU\TPU\subj\12663  |9 39410 
606 1 |a Межкультурная коммуникация  |x Общие вопросы  |2 stltpush  |3 (RuTPU)RU\TPU\subj\67936  |9 83528 
610 1 |a преподавание 
610 1 |a обучение 
610 1 |a методика 
610 1 |a языкознание 
610 1 |a лингвистика 
610 1 |a лингвокультурология 
610 1 |a лингвострановедение 
610 1 |a профильное обучение 
610 1 |a естественные науки 
610 1 |a культура 
610 1 |a мировые цивилизации 
610 1 |a литературоведение 
610 1 |a языковые коммуникации 
610 1 |a переводоведение 
610 1 |a конференции 
610 1 |a Томск 
610 1 |a труды учёных ТПУ 
686 |a Ш12-9л0  |v LBC/SL-A  |2 rubbk 
686 |a Ч114л0  |v LBC/SL-A  |2 rubbk 
801 1 |a RU  |b 63413507  |c 20110204 
801 2 |a RU  |b 63413507  |c 20130515  |g RCR 
942 |c BK